The Moneymakers international

Bibliographic Details
Other Authors: Kranister, Willibald (ed.by)
Format: Book
Published: England : Black Bear Publishing , 1989
Subjects:

MARC

LEADER 00000cam a2200000 7i4500
001 0000004308
005 20140311.0
020 |a 0951452207 
090 0 0 |a 769.559   |b MON 
245 0 4 |a The Moneymakers international   |c edited by W.Kranister 
260 |a England :   |b Black Bear Publishing ,   |c 1989 
300 |a 326p. :   |b ill ;   |c 25cm. 
650 0 0 |a Banknotes 
650 0 0 |a Money 
700 0 |a Kranister, Willibald ,   |e ed.by 
999 |a 031440   |b BUKU   |c RUJUKAN   |e PERPUSTAKAAN KOMUNITI PETALING JAYA